[Event "Bratto op 24th"]
[Site "Bratto"]
[Date "2004.08.25"]
[Round "6"]
[White "Canova, Luca"]
[Black "Lanzani, Giuliano"]
[Result "1-0"]
[WhiteElo "2017"]
[BlackElo "2074"]
[PlyCount "85"]
[EventDate "2004.08.20"]
[EventType "swiss"]
[EventRounds "9"]
[EventCountry "ITA"]
[SourceTitle "CBM 101 Extra"]
[Source "ChessBase"]
[SourceDate "2004.09.01"]
[SourceVersion "2"]
[SourceVersionDate "2004.09.01"]
[SourceQuality "1"]

1. e4 e5 2. Nf3 Nc6 3. Bb5 a6 4. Ba4 Nf6 5. 0-0 b5 6. Bb3 Bc5 7. d3 d6 8. c3 h6 9. h3 a5 10. d4 Bb6 11. Bc2 g5 12. dxe5 Nxe5 13. Nxe5 dxe5 14. Qe2 c6 15. Rd1 Qe7 16. Be3 Bxe3 17. Qxe3 Rb8 18. a4 b4 19. Nd2 Be6 20. Qg3 Nd7 21. Bb3 f6 22. Nc4 Bxc4 23. Bxc4 Nc5 24. Qg4 h5 25. Qf5 Rh6 26. f3 Rd8 27. cxb4 axb4 28. a5 Qa7 29. Kh2 Ke7 30. Rxd8 Kxd8 31. b3 Kc7 32. a6 Kb8 33. Rd1 Kc7 34. Rd2 Qa8 35. Ra2 Qa7 36. Ra1 Kb8 37. Ra5 Kc7 38. Kh1 Kb8 39. Kh2 Kc7 40. Kh1 Kb8 41. Rxc5 Qxc5 42. Qd7 Qb6 43. Qe8+ 1-0

[Event "Bratto op 24th"]
[Site "Bratto"]
[Date "2004.08.23"]
[Round "4"]
[White "Raselli, Claudio"]
[Black "Canova, Luca"]
[Result "1/2-1/2"]
[WhiteElo "2061"]
[BlackElo "2017"]
[PlyCount "69"]
[EventDate "2004.08.20"]
[EventType "swiss"]
[EventRounds "9"]
[EventCountry "ITA"]
[SourceTitle "CBM 101 Extra"]
[Source "ChessBase"]
[SourceDate "2004.09.01"]
[SourceVersion "2"]
[SourceVersionDate "2004.09.01"]
[SourceQuality "1"]

1. c4 e5 2. Nc3 Nf6 3. g3 c5 4. Bg2 Nc6 5. e3 d6 6. Nge2 Be6 7. Nd5 Be7 8. 0-0 Qd7 9. b3 g5 10. Bb2 h5 11. d4 Bh3 12. dxe5 Bxg2 13. Kxg2 dxe5 14. Nxf6+ Bxf6 15. Qxd7+ Kxd7 16. Rad1+ Ke6 17. Rd2 Rhd8 18. Rfd1 Rxd2 19. Rxd2 Rd8 20. Rxd8 Bxd8 21. Ba3 b6 22. Nc3 f5 23. Nd5 Ne7 24. Nxe7 Bxe7 25. Bb2 e4 26. Kf1 Kd7 27. Ke2 Kc6 28. h3 g4 29. h4 b5 30. Bc3 bxc4 31. bxc4 Kb7 32. Kd1 Bd6 33. Kc2 Ka6 34. Kb3 Bc7 35. Ka4 1/2-1/2

[Event "Bergamo Province-ch"]
[Site "Bergamo"]
[Date "2003.11.18"]
[Round "7"]
[White "Canova, Luca"]
[Black "Elitropi, Giorgio"]
[Result "1-0"]
[WhiteElo "1821"]
[BlackElo "1716"]
[PlyCount "73"]
[EventDate "2003.10.10"]
[EventType "swiss"]
[EventRounds "8"]
[EventCountry "ITA"]
[SourceTitle "EXT 2023"]
[Source "ChessBase"]
[SourceDate "2022.10.05"]
[SourceVersion "1"]
[SourceVersionDate "2022.10.05"]
[SourceQuality "1"]

1. e4 e6 2. d4 d5 3. Nc3 Bb4 4. e5 c5 5. Bd2 Nc6 6. Nb5 Bxd2+ 7. Qxd2 cxd4 8. Nd6+ Kf8 9. f4 Nh6 10. Nf3 Nf5 11. Nxf5 exf5 12. Nxd4 Nxd4 13. Qxd4 Qa5+ 14. b4 Qb6 15. 0-0-0 Be6 16. g3 Ke7 17. Bg2 Rhd8 18. Qxb6 axb6 19. Kb2 Rac8 20. Rd4 Rc7 21. Rhd1 Rcd7 22. b5 h5 23. a4 g6 24. c4 dxc4 25. Rxd7+ Bxd7 26. Bxb7 h4 27. Rd6 hxg3 28. hxg3 Rb8 29. Bd5 Rh8 30. Rxb6 Rh3 31. Rb7 Rxg3 32. Bc6 Rd3 33. Rxd7+ Rxd7 34. Bxd7 Kxd7 35. Kc3 g5 36. fxg5 Ke6 37. b6 1-0

[Event "Bergamo Province-ch"]
[Site "Bergamo"]
[Date "2003.10.24"]
[Round "3"]
[White "Asperti, Fabio"]
[Black "Canova, Luca"]
[Result "0-1"]
[WhiteElo "1606"]
[BlackElo "1821"]
[PlyCount "64"]
[EventDate "2003.10.10"]
[EventType "swiss"]
[EventRounds "8"]
[EventCountry "ITA"]
[SourceTitle "EXT 2023"]
[Source "ChessBase"]
[SourceDate "2022.10.05"]
[SourceVersion "1"]
[SourceVersionDate "2022.10.05"]
[SourceQuality "1"]

1. c4 d6 2. Nc3 e5 3. g3 g6 4. Bg2 Bg7 5. e4 c5 6. Nge2 Be6 7. d3 Qd7 8. Be3 Ne7 9. Qd2 Nbc6 10. Bh6 Bxh6 11. Qxh6 f5 12. Nd5 Bxd5 13. cxd5 Nb4 14. Qd2 Qb5 15. Nc1 c4 16. a4 Qa5 17. dxc4 Nc2+ 18. Ke2 Qxd2+ 19. Kxd2 Nxa1 20. Kc3 fxe4 21. Bxe4 Nf5 22. Bxf5 gxf5 23. Ne2 h5 24. h4 Rg8 25. Rxa1 0-0-0 26. Kd2 Rg4 27. b3 Kd7 28. Rc1 Rdg8 29. Rc3 f4 30. Rf3 fxg3 31. Rf7+ Kd8 32. Rxb7 gxf2 0-1

[Event "Bergamo Province-ch"]
[Site "Bergamo"]
[Date "2002.10.25"]
[Round "4"]
[White "Canova, Luca"]
[Black "Elsido, Massimo"]
[Result "1-0"]
[WhiteElo "1785"]
[BlackElo "1585"]
[PlyCount "137"]
[EventDate "2002.10.04"]
[EventType "swiss"]
[EventRounds "8"]
[EventCountry "ITA"]
[SourceTitle "EXT 2024"]
[Source "ChessBase"]
[SourceDate "2023.10.10"]
[SourceVersion "1"]
[SourceVersionDate "2023.10.10"]
[SourceQuality "1"]

1. e4 e5 2. Nf3 Nc6 3. Bb5 a6 4. Ba4 Nf6 5. 0-0 b5 6. Bb3 Be7 7. a4 Bb7 8. d3 0-0 9. Re1 d6 10. c3 Re8 11. Na3 h6 12. Bd2 Na7 13. axb5 axb5 14. c4 bxc4 15. Nxc4 Nb5 16. Na5 Qc8 17. Rc1 c5 18. Nc4 Qc7 19. Ne3 Nd4 20. Nxd4 exd4 21. Nf5 Qd7 22. Qf3 Bf8 23. Nxh6+ gxh6 24. Qxf6 Bg7 25. Qh4 Ba6 26. Bxh6 Bxh6 27. Qxh6 Bxd3 28. Qg5+ Kf8 29. Bd5 Rac8 30. f4 Qb5 31. Qf6 Qd7 32. h4 Re6 33. Bxe6 Qxe6 34. Qxe6 fxe6 35. e5 d5 36. Red1 Be2 37. Rxd4 Bg4 38. Kf2 c4 39. Kg3 Bf5 40. Rd2 Rb8 41. Rc3 Rb7 42. Kf2 Rh7 43. g3 Rb7 44. Kf3 Be4+ 45. Ke3 Kf7 46. Kd4 Kg6 47. Rxc4 dxc4 48. Kxe4 Rc7 49. Rd6 Kf7 50. g4 c3 51. bxc3 Rxc3 52. f5 Rc4+ 53. Rd4 Rc7 54. h5 exf5+ 55. gxf5 Kg7 56. Kf4 Rc1 57. Rd7+ Kh6 58. f6 Rf1+ 59. Ke4 Re1+ 60. Kf5 Rf1+ 61. Ke6 Kxh5 62. Rh7+ Kg6 63. Rg7+ Kh6 64. Ke7 Rf5 65. e6 Ra5 66. Rg1 Ra7+ 67. Kf8 Ra8+ 68. Kf7 Ra7+ 69. e7 1-0

[Event "Bergamo Province-ch"]
[Site "Bergamo"]
[Date "2002.10.18"]
[Round "3"]
[White "Elitropi, Giorgio"]
[Black "Canova, Luca"]
[Result "1-0"]
[WhiteElo "1671"]
[BlackElo "1785"]
[PlyCount "61"]
[EventDate "2002.10.04"]
[EventType "swiss"]
[EventRounds "8"]
[EventCountry "ITA"]
[SourceTitle "EXT 2024"]
[Source "ChessBase"]
[SourceDate "2023.10.10"]
[SourceVersion "1"]
[SourceVersionDate "2023.10.10"]
[SourceQuality "1"]

1. f4 Nf6 2. Nf3 c5 3. e3 g6 4. Be2 Bg7 5. 0-0 d6 6. d3 Nc6 7. a4 0-0 8. Na3 a6 9. c3 h6 10. Bd2 Be6 11. Qc2 Rc8 12. e4 Nd7 13. h3 f5 14. Nh4 Kh7 15. exf5 gxf5 16. Rae1 Bf6 17. Nf3 Qe8 18. Bd1 Qf7 19. Bc1 Rg8 20. Qe2 Bd5 21. Nc4 Rg3 22. Kh1 Rcg8 23. Ne3 Be6 24. Rg1 Nf8 25. Nf1 R3g7 26. Be3 b5 27. Qf2 b4 28. d4 c4 29. Bc2 Qh5 30. Bd1 Bd5 31. Ng5+ 1-0